[Event "Schachfestival Senioren"]
[Site "Bad Woerishofen"]
[Date "2023.03.04"]
[Round "2.21"]
[White "Mitschka, Manfred"]
[Black "Wagner, Franz"]
[Result "0-1"]
[WhiteElo "1686"]
[BlackElo "1954"]
[PlyCount "118"]
[EventDate "2023.??.??"]
[WhiteTeam "SK Neuburg"]
[BlackTeam "Ichenhausen"]

1. d4 d5 2. Nf3 Nf6 3. e3 Bg4 4. h3 Bh5 5. b3 e6 6. Bb2 c5 7. Bd3 Nc6 8. a3 cxd4 9. exd4 Qb6 10. Be2 Bd6 11. Nc3 Bxf3 12. gxf3 Qxd4 13. Bd3 Qe5+ 14. Qe2 Qxe2+ 15. Bxe2 a6 16. O-O-O O-O 17. Rhg1 Nh5 18. Bd3 g6 19. Ne2 Ne5 20. Ng3 Nxg3 21. fxg3 Nxf3 22. Rgf1 Ne5 23. Be2 Nc6 24. Rd3 Be5 25. Bxe5 Nxe5 26. Re3 f6 27. Rc3 Rad8 28. b4 Kg7 29. Rc7+ Rd7 30. Rc3 b5 31. Re1 d4 32. Rc5 Rfd8 33. Bd3 Rd5 34. Rc7+ R8d7 35. Rc8 Nxd3+ 36. cxd3 e5 37. g4 h6 38. Kd2 R5d6 39. Rec1 f5 40. gxf5 gxf5 41. Rg1+ Rg6 42. Rxg6+ Kxg6 43. Rc6+ Kg5 44. Rxa6 e4 45. Rb6 Rd5 46. Re6 e3+ 47. Ke2 h5 48. Kf3 Kh4 49. Rg6 Re5 50. Ke2 Kxh3 51. Rd6 f4 52. Rf6 Kg4 53. Rg6+ Rg5 54. Rc6 f3+ 55. Kf1 Kg3 56. Rc1 h4 57. Rc5 e2+ 58. Ke1 Rxc5 59. bxc5 Kg2 0-1

[Event "Schachfestival Senioren"]
[Site "Bad Woerishofen"]
[Date "2023.03.04"]
[Round "2.22"]
[White "Krueger, Erich"]
[Black "Sakowski, Christian"]
[Result "1-0"]
[WhiteElo "2176"]
[BlackElo "1761"]
[PlyCount "129"]
[EventDate "2023.??.??"]
[WhiteTeam "SF Essen-Katernberg 04/32 e. V."]
[BlackTeam "SC Muelheim 08/25 e.V."]

1. d4 Nf6 2. c4 e6 3. Nc3 Bb4 4. e3 Bxc3+ 5. bxc3 O-O 6. Bd3 b6 7. Qc2 Bb7 8. e4 d6 9. Nf3 h6 10. O-O Nbd7 11. h3 e5 12. Be3 c5 13. d5 Qc7 14. Nh4 Nh7 15. Qd2 f6 16. Nf5 Nb8 17. h4 Bc8 18. Ng3 Qe7 19. Rae1 Bd7 20. f4 Na6 21. f5 Nc7 22. Rf3 Be8 23. Nh1 Kh8 24. Rg3 Rg8 25. Qe2 Bf7 26. Rb1 Qe8 27. Qd1 Bh5 28. Be2 Bf7 29. Nf2 Nf8 30. Qd2 Kh7 31. Ng4 Nd7 32. Bxh6 g6 33. fxg6+ Bxg6 34. Nf2 Bf7 35. Rxg8 Qxg8 36. Bg4 Nf8 37. h5 Kh8 38. Qe2 Nh7 39. Nh3 Ne8 40. Rf1 Ng7 41. Bd2 Rf8 42. Kh2 Ne8 43. Bf5 Qg7 44. h6 Qg8 45. Qe1 Bg6 46. Be6 Bf7 47. Bd7 Nc7 48. Rf3 Bg6 49. Rg3 Qf7 50. Bf5 Rg8 51. Qf2 Nf8 52. Bxg6 Rxg6 53. Qf5 Rxg3 54. Kxg3 Qg6+ 55. Qxg6 Nxg6 56. Kg4 Kg8 57. Kh5 Kf7 58. g4 Ne8 59. g5 Nh8 60. Nf2 Ng6 61. Ng4 Nh8 62. gxf6 Ng6 63. Bg5 Nf4+ 64. Bxf4 exf4 65. h7 1-0

[Event "Schachfestival Senioren"]
[Site "Bad Woerishofen"]
[Date "2023.03.04"]
[Round "2.23"]
[White "Kundt, Guenther"]
[Black "Schumacher, Gottfried"]
[Result "0-1"]
[WhiteElo "1776"]
[BlackElo "2148"]
[PlyCount "42"]
[EventDate "2023.??.??"]
[WhiteTeam "SSC Graal-MÃ¼ritz"]

1. d4 e6 2. c4 Nf6 3. Nc3 d5 4. cxd5 exd5 5. Bg5 Be7 6. Qc2 O-O 7. e3 Nbd7 8. Bd3 c5 9. dxc5 Nxc5 10. Nge2 h6 11. Bxf6 Bxf6 12. O-O b6 13. Rfd1 Bb7 14. Bf5 Ne6 15. Qb3 Nc5 16. Qc2 Be5 17. Nd4 Qf6 18. Nf3 Rfd8 19. Nxe5 Qxe5 20. Rd4 Rd6 21. e4 Qxd4 0-1

[Event "Schachfestival Senioren"]
[Site "Bad Woerishofen"]
[Date "2023.03.04"]
[Round "2.24"]
[White "Laustsen, Karl-Johan"]
[Black "Daeubler, Heinrich"]
[Result "1/2-1/2"]
[WhiteElo "1804"]
[BlackElo "2145"]
[PlyCount "90"]
[EventDate "2023.??.??"]
[WhiteTeam "1.FC Marktleuthen"]
[BlackTeam "SF Haselmuehl/Amberg"]

1. d4 g6 2. Bf4 Bg7 3. e3 d6 4. Nf3 Nd7 5. c3 e5 6. dxe5 dxe5 7. Bg3 Nh6 8. h3 O-O 9. Bc4 Nf5 10. Bh2 Qe7 11. O-O Nb6 12. Bb3 Bd7 13. Qe2 Bc6 14. Nbd2 a5 15. a3 Rfe8 16. Rfe1 a4 17. Ba2 Qc5 18. Ng5 Nd6 19. f3 Bd5 20. Bxd5 Nxd5 21. Nge4 Nxe4 22. Nxe4 Qc6 23. Nf2 Nb6 24. e4 Rad8 25. Rad1 Qc4 26. Qc2 Qb3 27. Qxb3 axb3 28. Rxd8 Rxd8 29. Rd1 Rxd1+ 30. Nxd1 Nc4 31. Kf1 Bh6 32. Ke2 Bc1 33. Kd3 b5 34. Bg1 Nxb2+ 35. Nxb2 Bxb2 36. Bc5 Bc1 37. c4 c6 38. cxb5 cxb5 39. Kc3 b2 40. Kc2 f6 41. Bb4 Kf7 42. Kb1 f5 43. Bc3 fxe4 44. fxe4 Ke6 45. Bxb2 Bxb2 1/2-1/2

[Event "Schachfestival Senioren"]
[Site "Bad Woerishofen"]
[Date "2023.03.04"]
[Round "2.25"]
[White "Eschle, Hubert"]
[Black "Schatz, Christian"]
[Result "0-1"]
[WhiteElo "1776"]
[BlackElo "2127"]
[PlyCount "76"]
[EventDate "2023.??.??"]
[WhiteTeam "SC Villingen-Schwenningen"]
[BlackTeam "SC Postbauer-Heng e.V"]

1. e4 c5 2. Nf3 Nc6 3. d4 cxd4 4. Nxd4 g6 5. c4 Nf6 6. Nc3 Nxd4 7. Qxd4 d6 8. Be3 Bg7 9. f3 O-O 10. Qd2 Be6 11. Be2 a5 12. O-O a4 13. Rac1 Qa5 14. Rfd1 Rfc8 15. Nb5 Qxd2 16. Rxd2 Nd7 17. Nd4 Nc5 18. Nxe6 fxe6 19. Rcd1 Ra6 20. Rb1 Raa8 21. b4 axb3 22. axb3 Ra3 23. Bd1 Bc3 24. Rc2 Bf6 25. Re2 Nd3 26. Kf1 Rca8 27. Rd2 Nb4 28. Bd4 Bg5 29. Re2 e5 30. Bc3 Nc6 31. g3 Nd4 32. Rg2 Be3 33. Bb2 Ra2 34. Bc3 Rxg2 35. Kxg2 Ra2+ 36. Rb2 Ra1 37. Bc2 Rg1+ 38. Kh3 Nxf3 0-1

[Event "Schachfestival Senioren"]
[Site "Bad Woerishofen"]
[Date "2023.03.04"]
[Round "2.26"]
[White "Speicher, Franz"]
[Black "Remensberger, Hansuli"]
[Result "0-1"]
[WhiteElo "1790"]
[BlackElo "2103"]
[PlyCount "76"]
[EventDate "2023.??.??"]
[WhiteTeam "Dicker Turm Esslingen"]
[BlackTeam "Chessflyers"]

1. Nf3 Nf6 2. c4 b6 3. e3 e6 4. Nc3 Bb7 5. d4 d5 6. cxd5 exd5 7. Bd3 Bd6 8. O-O O-O 9. a3 Nbd7 10. b3 c5 11. Bb2 Rc8 12. Rc1 a6 13. Qe2 cxd4 14. Nxd4 Nc5 15. Bf5 Ncd7 16. Bh3 Re8 17. g4 g6 18. f4 Qe7 19. Rce1 Rc7 20. f5 g5 21. Qd2 Nc5 22. e4 Bf4 23. Rxf4 gxf4 24. e5 Nfe4 25. Nxe4 Nxe4 26. Qxf4 Ng5 27. Bg2 f6 28. h4 Ne4 29. Bxe4 fxe5 30. Qh6 dxe4 31. Ne6 Rc5 32. b4 Rd5 33. Rc1 Rc8 34. Rxc8+ Bxc8 35. Ng5 Rd1+ 36. Kh2 Rd2+ 37. Kg3 Rd3+ 38. Kh2 Rd6 0-1

[Event "Schachfestival Senioren"]
[Site "Bad Woerishofen"]
[Date "2023.03.04"]
[Round "2.27"]
[White "Rueberg, Jobst"]
[Black "Schmitt, Karl"]
[Result "1/2-1/2"]
[WhiteElo "2090"]
[BlackElo "1808"]
[PlyCount "39"]
[EventDate "2023.??.??"]
[WhiteTeam "SV Ahlen 1954 e. V."]
[BlackTeam "Bergische SF 1923 Bergisch Gladbach e. V."]

1. e4 g6 2. d4 d6 3. Nc3 Bg7 4. Nf3 a6 5. Bg5 h6 6. Be3 Nd7 7. Be2 b5 8. a3 Bb7 9. O-O e6 10. h3 Ngf6 11. Nd2 c5 12. e5 cxd4 13. exf6 Bxf6 14. Nde4 Bxe4 15. Nxe4 dxe3 16. Nxd6+ Kf8 17. fxe3 Kg7 18. Kh1 Rf8 19. c3 Qc7 20. Ne4 1/2-1/2

[Event "Schachfestival Senioren"]
[Site "Bad Woerishofen"]
[Date "2023.03.04"]
[Round "2.28"]
[White "Keller, Harald"]
[Black "Fuchs, Joachim"]
[Result "1-0"]
[WhiteElo "2051"]
[BlackElo "1728"]
[PlyCount "43"]
[EventDate "2023.??.??"]
[WhiteTeam "SV Rottweil"]
[BlackTeam "SC Starnberg"]

1. e4 e5 2. Nc3 Nf6 3. g3 c6 4. Bg2 d5 5. exd5 cxd5 6. d4 e4 7. Nge2 Be7 8. O-O O-O 9. Nf4 Na6 10. f3 exf3 11. Bxf3 Nc7 12. Re1 Be6 13. a4 a6 14. a5 Bb4 15. Bd2 Bxc3 16. Bxc3 Re8 17. Bb4 Rb8 18. Bc5 Qd7 19. Nd3 Bg4 20. Ne5 Qc8 21. Bxg4 Nxg4 22. Qxg4 1-0

[Event "Schachfestival Senioren"]
[Site "Bad Woerishofen"]
[Date "2023.03.04"]
[Round "2.29"]
[White "Schestak, Herbert"]
[Black "Neumann, Joachim"]
[Result "1/2-1/2"]
[WhiteElo "1729"]
[BlackElo "2026"]
[PlyCount "45"]
[EventDate "2023.??.??"]
[BlackTeam "Agon Neumuenster"]

1. d4 Nf6 2. Bf4 d5 3. e3 c5 4. c3 Nc6 5. Nd2 Qb6 6. Qb3 c4 7. Qxb6 axb6 8. Be2 b5 9. Ngf3 b4 10. O-O bxc3 11. bxc3 h6 12. Ne5 Na5 13. h3 Bf5 14. g4 Bh7 15. Bd1 Nc6 16. a4 Na5 17. f3 e6 18. Re1 Nd7 19. Nxd7 Kxd7 20. e4 Bd6 21. Bxd6 Kxd6 22. Rb1 Ra7 23. Rb5 1/2-1/2

[Event "Schachfestival Senioren"]
[Site "Bad Woerishofen"]
[Date "2023.03.04"]
[Round "2.30"]
[White "Aigner, Georg"]
[Black "Steinberg, Sven"]
[Result "1/2-1/2"]
[WhiteElo "1742"]
[BlackElo "2011"]
[PlyCount "36"]
[EventDate "2023.??.??"]
[WhiteTeam "SC Taufkirchen"]
[BlackTeam "TSV Trostberg"]

1. e4 c5 2. Nf3 Nc6 3. c4 g6 4. d4 cxd4 5. Nxd4 Bg7 6. Be3 Nf6 7. Nc3 d6 8. Be2 O-O 9. O-O Bd7 10. h3 a6 11. Qd2 Rc8 12. Rad1 Re8 13. f4 Nxd4 14. Bxd4 Bc6 15. Bf3 e5 16. fxe5 dxe5 17. Be3 Qa5 18. b3 Rcd8 1/2-1/2

[Event "Schachfestival Senioren"]
[Site "Bad Woerishofen"]
[Date "2023.03.04"]
[Round "2.31"]
[White "Witte, Ronald"]
[Black "Haugg, Gerhard"]
[Result "1/2-1/2"]
[WhiteElo "2009"]
[BlackElo "1744"]
[PlyCount "50"]
[EventDate "2023.??.??"]
[WhiteTeam "BSV 63 Chemie Weissensee"]

1. d4 d5 2. c4 e6 3. Nf3 Nf6 4. g3 Be7 5. Bg2 O-O 6. O-O c6 7. Qc2 b6 8. Rd1 Bb7 9. Nbd2 Nbd7 10. b3 Rc8 11. Bb2 Qc7 12. Rac1 Qb8 13. Qb1 Rfd8 14. h3 Nf8 15. Ne5 N6d7 16. Nxd7 Rxd7 17. e4 c5 18. exd5 exd5 19. cxd5 Bxd5 20. Bxd5 Rxd5 21. Qe4 Qd6 22. Nf1 Qe6 23. Qxe6 Nxe6 24. Ne3 Rdd8 25. dxc5 Bxc5 1/2-1/2

[Event "Schachfestival Senioren"]
[Site "Bad Woerishofen"]
[Date "2023.03.04"]
[Round "2.32"]
[White "Heppell, Ian N"]
[Black "Cerpnjak, Mirko"]
[Result "1-0"]
[WhiteElo "1965"]
[BlackElo "1702"]
[PlyCount "41"]
[EventDate "2023.??.??"]
[WhiteTeam "Wimbledon"]
[BlackTeam "SC Groebenzell"]

1. e4 d6 2. d4 Nf6 3. Nc3 g6 4. Bc4 Bg7 5. Qe2 Nc6 6. e5 dxe5 7. dxe5 Ng8 8. Nf3 e6 9. Bg5 Nce7 10. Rd1 Bd7 11. Ne4 Qc8 12. Bb5 Bc6 13. O-O h6 14. Bf6 Bxf6 15. exf6 Nd5 16. Ne5 Ngxf6 17. Nxf6+ Nxf6 18. Nxc6 a6 19. Rd8+ Qxd8 20. Nxd8+ axb5 21. Nxb7 1-0

[Event "Schachfestival Senioren"]
[Site "Bad Woerishofen"]
[Date "2023.03.04"]
[Round "2.33"]
[White "Kierzek, Mira"]
[Black "Schilling, Hans"]
[Result "1-0"]
[WhiteElo "1989"]
[BlackElo "1724"]
[PlyCount "103"]
[EventDate "2023.??.??"]
[WhiteTeam "SC Fulda"]
[BlackTeam "SF Nordost Berlin"]

1. d4 e6 2. Nf3 d5 3. e3 Nf6 4. Bd3 Nbd7 5. O-O Bd6 6. c4 c6 7. Nbd2 O-O 8. Qc2 e5 9. cxd5 cxd5 10. dxe5 Nxe5 11. Nxe5 Bxe5 12. Nf3 Bd6 13. h3 Re8 14. b3 Bd7 15. Bb2 Rc8 16. Qe2 Qe7 17. Rac1 a6 18. Rfd1 Ba3 19. Qd2 Bxb2 20. Qxb2 Rxc1 21. Rxc1 Rc8 22. Rxc8+ Bxc8 23. Qc3 Qd8 24. Qe5 Bd7 25. Nd4 Qe8 26. Qd6 Qf8 27. Qc7 Qc8 28. Qa5 Be6 29. Qb6 Ne8 30. Nxe6 fxe6 31. a4 Qc1+ 32. Kh2 Qc7+ 33. Qxc7 Nxc7 34. Kg3 g6 35. Kf4 Kf7 36. Ke5 Ke7 37. Be2 Ne8 38. e4 dxe4 39. Kxe4 Nd6+ 40. Kd4 h5 41. Bf3 b6 42. Be2 a5 43. g4 hxg4 44. hxg4 g5 45. f4 gxf4 46. Ke5 Nf7+ 47. Kxf4 Nd6 48. Bd3 Ne8 49. g5 Nd6 50. Bc4 Ne8 51. Ke5 Ng7 52. g6 1-0

[Event "Schachfestival Senioren"]
[Site "Bad Woerishofen"]
[Date "2023.03.04"]
[Round "2.34"]
[White "Stern, Geoffrey"]
[Black "Auterhoff, Juergen"]
[Result "1/2-1/2"]
[WhiteElo "1980"]
[BlackElo "1706"]
[PlyCount "82"]
[EventDate "2023.??.??"]
[WhiteTeam "Gambit Bonnevoie"]
[BlackTeam "Schachfreunde Muenchen"]

1. d4 Nf6 2. Nc3 d5 3. Bf4 c6 4. e3 Bf5 5. f3 e6 6. g4 Bg6 7. h4 h6 8. Bd3 Bxd3 9. Qxd3 Bd6 10. Nge2 Bxf4 11. Nxf4 Qd6 12. O-O-O Na6 13. g5 Nd7 14. g6 f6 15. Nh5 Rg8 16. e4 dxe4 17. Qxe4 O-O-O 18. f4 Nc7 19. Rhe1 Rde8 20. Re2 f5 21. Qf3 Nf8 22. Rg2 Nd5 23. Rdg1 Nd7 24. Re1 Re7 25. Ne2 N7f6 26. c4 Qb4 27. Rd1 Qxc4+ 28. Kb1 Nb4 29. Nc3 Nfd5 30. a3 Nxc3+ 31. Qxc3 Qxc3 32. bxc3 Nd5 33. Rd3 Rd8 34. Kc2 Nc7 35. Ng3 Nd5 36. Rf2 Nf6 37. Re2 Kd7 38. Re1 Nd5 39. Rf1 Nf6 40. Re1 Nd5 41. Rf1 Nf6 1/2-1/2

[Event "Schachfestival Senioren"]
[Site "Bad Woerishofen"]
[Date "2023.03.04"]
[Round "2.35"]
[White "Mueggenburg, Rolf"]
[Black "Halli, Gerhard"]
[Result "0-1"]
[WhiteElo "1643"]
[BlackElo "1957"]
[PlyCount "114"]
[EventDate "2023.??.??"]
[WhiteTeam "SSC Graal-Mueritz"]
[BlackTeam "SK 1947 Sandhausen e.V."]

1. Nc3 d5 2. d4 Nf6 3. Bf4 Bf5 4. e3 c6 5. Bd3 e6 6. Bxf5 exf5 7. Bg5 Nbd7 8. Nf3 Qb6 9. Na4 Qc7 10. Bf4 Bd6 11. Bxd6 Qxd6 12. O-O O-O 13. a3 Rfe8 14. b4 a5 15. Nc5 b6 16. Nxd7 Nxd7 17. c3 b5 18. Qd3 g6 19. g3 Nb6 20. Nd2 Re7 21. Nb3 Nc4 22. Nc5 Rea7 23. bxa5 Nxa5 24. a4 Nc4 25. a5 Nxa5 26. Rxa5 Rxa5 27. Nb7 Qc7 28. Nxa5 Qxa5 29. Qc2 Qa2 30. Rc1 Ra3 31. h4 Qc4 32. Kg2 Kg7 33. Kf3 Kf6 34. Qe2 Rxc3 35. Qxc4 Rxc4 36. Rb1 h6 37. Rb2 Ke6 38. Ke2 Ra4 39. f4 f6 40. Kf2 Ra3 41. Ke2 Kd6 42. Kf2 Kc7 43. Ke2 Kb6 44. Kf2 g5 45. hxg5 fxg5 46. fxg5 hxg5 47. Kf3 Rc3 48. Ke2 c5 49. dxc5+ Kxc5 50. Kf2 b4 51. Ra2 b3 52. Ra5+ Kc4 53. Ra4+ Kb5 54. Ra8 Kc4 55. Ra4+ Kd3 56. Rd4+ Kc2 57. Ke2 b2 0-1

[Event "Schachfestival Senioren"]
[Site "Bad Woerishofen"]
[Date "2023.03.04"]
[Round "2.36"]
[White "Goris, Ton"]
[Black "Rothenhagen, Siegfried"]
[Result "1/2-1/2"]
[WhiteElo "1905"]
[BlackElo "1712"]
[PlyCount "85"]
[EventDate "2023.??.??"]
[BlackTeam "Sportfr.Windach e.V.1923"]

1. d4 Nf6 2. f3 d5 3. e4 dxe4 4. Nc3 exf3 5. Nxf3 Bg4 6. h3 Bxf3 7. Qxf3 c6 8. Be3 e6 9. Bc4 Be7 10. O-O O-O 11. Rad1 Nbd7 12. g4 Nb6 13. Bb3 Nfd5 14. Nxd5 exd5 15. Rde1 Bg5 16. Bxg5 Qxg5 17. Re5 Qg6 18. Re7 Rab8 19. c3 Nc8 20. Re2 Nd6 21. Bc2 f5 22. Kh2 Ne4 23. gxf5 Qd6+ 24. Qf4 Qxf4+ 25. Rxf4 Nf6 26. Rf3 Rbe8 27. Rfe3 Rxe3 28. Rxe3 Re8 29. Re5 Kf7 30. Kg3 Nd7 31. Rxe8 Kxe8 32. Kf4 Ke7 33. b3 Kf6 34. c4 Nb6 35. Bd3 a6 36. h4 h6 37. h5 Nd7 38. cxd5 cxd5 39. Be2 Ke7 40. b4 Kd6 41. b5 a5 42. Bf3 b6 43. a4 1/2-1/2

[Event "Schachfestival Senioren"]
[Site "Bad Woerishofen"]
[Date "2023.03.04"]
[Round "2.37"]
[White "Mayer, Dietmar"]
[Black "Harsch, Martin"]
[Result "0-1"]
[WhiteElo "1705"]
[BlackElo "1888"]
[PlyCount "60"]
[EventDate "2023.??.??"]
[BlackTeam "Saanenland"]

1. d4 d5 2. Nc3 Nf6 3. Bf4 c6 4. e3 Bf5 5. f3 e6 6. g4 Bg6 7. h4 h5 8. g5 Nfd7 9. Nh3 c5 10. Nb5 Na6 11. Nd6+ Bxd6 12. Bxd6 Qb6 13. Bxa6 Qxd6 14. Bd3 Bxd3 15. Qxd3 g6 16. Nf4 cxd4 17. O-O-O dxe3 18. Qxe3 O-O 19. Rhg1 Qe5 20. Qd2 Qf5 21. Rg2 Rac8 22. Nxh5 gxh5 23. g6 fxg6 24. Rdg1 Rf6 25. Rg5 Qxf3 26. c3 Nf8 27. R5g3 Qf4 28. Rxg6+ Nxg6 29. Rxg6+ Kf7 30. Rxf6+ Qxf6 0-1

[Event "Schachfestival Senioren"]
[Site "Bad Woerishofen"]
[Date "2023.03.04"]
[Round "2.38"]
[White "Gerl, Hans"]
[Black "Vaclahovsky, Gerhard"]
[Result "1-0"]
[WhiteElo "1883"]
[BlackElo "1648"]
[PlyCount "87"]
[EventDate "2023.??.??"]
[WhiteTeam "SGem 1882 Fuerth"]
[BlackTeam "SK Keres-Augsburg 1980"]

1. d4 Nf6 2. c4 e6 3. Nf3 d5 4. Nc3 Be7 5. Bg5 O-O 6. e3 dxc4 7. Bxc4 b6 8. O-O Bb7 9. Bd3 Nd5 10. Bxe7 Qxe7 11. Rc1 Nxc3 12. Rxc3 Na6 13. a3 c5 14. Qe2 cxd4 15. Nxd4 Nc5 16. Bc4 Rac8 17. f3 Nd7 18. Rfc1 Ne5 19. Ba6 Rxc3 20. Rxc3 Bxa6 21. Qxa6 Qd7 22. Qe2 Rc8 23. Qc2 Rxc3 24. Qxc3 Kf8 25. Kf2 f6 26. Ke2 Ke7 27. h3 a6 28. f4 Ng6 29. Qb4+ Qd6 30. Qc4 b5 31. Qc8 Kf7 32. f5 exf5 33. Nxf5 Qe6 34. Qc7+ Ne7 35. g4 Qc4+ 36. Qxc4+ bxc4 37. Nd6+ Ke6 38. Nxc4 f5 39. Kd3 fxg4 40. hxg4 Kd5 41. e4+ Kc6 42. Kd4 h6 43. a4 Ng6 44. Ne5+ 1-0

[Event "Schachfestival Senioren"]
[Site "Bad Woerishofen"]
[Date "2023.03.04"]
[Round "2.39"]
[White "Schomann, Michael"]
[Black "Lechner, Otto"]
[Result "0-1"]
[WhiteElo "1630"]
[BlackElo "1820"]
[PlyCount "132"]
[EventDate "2023.??.??"]
[WhiteTeam "TSV Kuecknitz v. 1911 e.V."]
[BlackTeam "TSV Wertingen 1862 SAbt"]

1. d4 Nf6 2. c4 e6 3. Nc3 Bb4 4. Bd2 O-O 5. Nf3 d5 6. e3 Bxc3 7. Bxc3 Ne4 8. Qc2 f5 9. cxd5 exd5 10. Be2 Nd7 11. O-O Rf6 12. g3 Rh6 13. h4 Ndf6 14. Ne5 c6 15. Bf3 Qe8 16. Kg2 Be6 17. Rh1 Bf7 18. Qe2 Nxc3 19. bxc3 Nd7 20. Nxf7 Qxf7 21. Rag1 Nb6 22. Qc2 Rf6 23. Kf1 Rf8 24. Be2 Qe7 25. Bd3 Kh8 26. Qb1 Nc8 27. Rh2 h5 28. Qd1 g6 29. Kg2 Nd6 30. Qc2 Kg7 31. Rf1 b5 32. Kg1 a6 33. Qc1 Ne4 34. Rg2 Qc7 35. f4 Re8 36. Bxe4 Rxe4 37. Re1 Rfe6 38. Rge2 Kf6 39. Qa3 c5 40. Kf2 Rc6 41. Qb3 Qd6 42. a3 Re8 43. Rd2 Rec8 44. Red1 Ke6 45. dxc5 Rxc5 46. Rd3 Qc6 47. R1d2 a5 48. Ke2 Rd8 49. Kf2 Rd7 50. Ke2 Rc4 51. Kf2 Ra4 52. Rd4 Rc4 53. R4d3 Qc5 54. Rb2 Ra4 55. Ra2 Qc4 56. Qxc4 dxc4 57. Rxd7 Kxd7 58. Rb2 Kc6 59. Rd2 Rxa3 60. Rd8 Rxc3 61. Rg8 Rd3 62. Rxg6+ Rd6 63. Rg8 b4 64. Ra8 b3 65. Rb8 a4 66. Rc8+ Kd5 0-1

[Event "Schachfestival Senioren"]
[Site "Bad Woerishofen"]
[Date "2023.03.04"]
[Round "2.41"]
[White "Schnell, Franz"]
[Black "Babar, Michael"]
[Result "1/2-1/2"]
[WhiteElo "1701"]
[BlackElo "2143"]
[PlyCount "102"]
[EventDate "2023.??.??"]
[WhiteTeam "SV Nusplingen"]
[BlackTeam "SC Hansa Dortmund e. V."]

1. d4 d6 2. Bf4 g6 3. e3 Bg7 4. Nf3 Nd7 5. c3 e5 6. dxe5 dxe5 7. Bg3 Ne7 8. Nbd2 Nf5 9. Qc2 Qe7 10. Bc4 c6 11. Ne4 b5 12. Bb3 O-O 13. O-O Nxg3 14. hxg3 Nc5 15. Nxc5 Qxc5 16. a3 Bf5 17. e4 Bd7 18. Rad1 Rad8 19. Rfe1 Bf6 20. Re2 Bc8 21. Red2 Kg7 22. Rxd8 Rxd8 23. Rxd8 Bxd8 24. Qd2 Qe7 25. Qd3 Bb6 26. Qd2 h6 27. Qd3 Qc5 28. Qd2 a6 29. Qe2 Bg4 30. Qd2 a5 31. Nh2 Bc8 32. Nf3 Qe7 33. Bc2 a4 34. Ne1 Be6 35. Nd3 Qd6 36. Qe2 Bc4 37. Qf3 c5 38. Qd1 Be6 39. Qe2 h5 40. Ne1 c4 41. Nf3 Bg4 42. Qd2 Qxd2 43. Nxd2 Be2 44. Nf3 Kf6 45. Nh2 Ke6 46. Nf1 f5 47. Ne3 Bxe3 48. fxe3 Bd3 49. exf5+ Kxf5 50. Bd1 Be4 51. Kf2 Bc6 1/2-1/2

[Event "Schachfestival Senioren"]
[Site "Bad Woerishofen"]
[Date "2023.03.04"]
[Round "2.42"]
[White "Eibl, Guenter"]
[Black "Schinnerl, Werner"]
[Result "0-1"]
[WhiteElo "1693"]
[BlackElo "1944"]
[PlyCount "38"]
[EventDate "2023.??.??"]
[WhiteTeam "Schachfreunde Muenchen"]
[BlackTeam "SC Reutte"]

1. d4 e6 2. c4 f5 3. Nf3 b6 4. Bg5 Nf6 5. e3 Bb4+ 6. Nc3 O-O 7. a3 Bxc3+ 8. bxc3 Bb7 9. Bd3 Qe8 10. O-O d6 11. Bxf6 Rxf6 12. Nd2 Qg6 13. f3 Qg5 14. Qe2 Rh6 15. Rf2 Nd7 16. Re1 Rf8 17. Qd1 a5 18. g3 Rff6 19. f4 Qxg3+ 0-1

[Event "Schachfestival Senioren"]
[Site "Bad Woerishofen"]
[Date "2023.03.04"]
[Round "2.43"]
[White "Flockerzi, Armin"]
[Black "Krotofil, Kurt"]
[Result "1-0"]
[WhiteElo "1669"]
[BlackElo "1817"]
[PlyCount "135"]
[EventDate "2023.??.??"]
[WhiteTeam "VfR-SC Koblenz"]
[BlackTeam "Niendorfer TSV 1919 SAbt"]

1. d4 Nf6 2. Nf3 d5 3. g3 e6 4. c3 Bd6 5. Bg2 O-O 6. O-O Nbd7 7. Nbd2 b6 8. Qc2 Ba6 9. Re1 c5 10. e3 Qc7 11. Qa4 Bd3 12. Bf1 b5 13. Qd1 Bxf1 14. Nxf1 c4 15. a3 Ne4 16. N3d2 f5 17. f4 Ndf6 18. Qf3 g5 19. Re2 g4 20. Qg2 a5 21. Nxe4 Nxe4 22. Nd2 Nf6 23. Nf1 Rf7 24. Bd2 h5 25. Be1 Rh7 26. Rc2 Qe7 27. Re2 Kf7 28. Nd2 Ne4 29. Nxe4 dxe4 30. Rd1 Rd8 31. Qf1 Qb7 32. Red2 Be7 33. a4 h4 34. axb5 Qxb5 35. Rg2 hxg3 36. Bxg3 a4 37. Qf2 Qb3 38. Qc2 Rhh8 39. Rgd2 Rd5 40. Ra1 Ra8 41. Qxb3 cxb3 42. c4 Bb4 43. Rdd1 Rda5 44. Be1 Bxe1 45. Rxe1 a3 46. bxa3 Rxa3 47. Rab1 Rb8 48. Rb2 Rb4 49. c5 Ke7 50. Rc1 Kd7 51. Kg2 Kc6 52. h4 gxh3+ 53. Kxh3 Kd5 54. Rc3 Rb8 55. Kg3 Ra2 56. Rxa2 bxa2 57. Ra3 Rb2 58. Kh4 Re2 59. Kg5 Rxe3 60. Rxa2 Kxd4 61. Rc2 Ra3 62. Kf6 Kd5 63. c6 Ra8 64. Ke7 Ra7+ 65. c7 Kd4 66. Kxe6 Rxc7 67. Rxc7 e3 68. Kxf5 1-0

[Event "Schachfestival Senioren"]
[Site "Bad Woerishofen"]
[Date "2023.03.04"]
[Round "2.44"]
[White "Teubner, Wolfgang"]
[Black "Eigenmann, Christina"]
[Result "0-1"]
[WhiteElo "1817"]
[BlackElo "1664"]
[PlyCount "100"]
[EventDate "2023.??.??"]
[WhiteTeam "SF Blaustein"]
[BlackTeam "Schweizer Schachsenioren"]

1. c4 c5 2. Nc3 Nc6 3. g3 Nf6 4. Bg2 e6 5. Nf3 Be7 6. O-O O-O 7. b3 d5 8. cxd5 Nxd5 9. Bb2 Nxc3 10. Bxc3 Bf6 11. Qc2 Bxc3 12. dxc3 Qe7 13. Rad1 Rd8 14. Rxd8+ Nxd8 15. h4 h6 16. Ne5 Rb8 17. Rd1 f6 18. Ng6 Qe8 19. Bf3 e5 20. Bd5+ Be6 21. Qd3 Bxd5 22. Qxd5+ Ne6 23. Qe4 Rd8 24. Rxd8 Nxd8 25. Qd5+ Kh7 26. h5 b6 27. g4 Nf7 28. Qb7 Nh8 29. Ne7 Qf7 30. Qe4+ g6 31. hxg6+ Nxg6 32. Nd5 Kg7 33. c4 Qd7 34. Ne3 Nf4 35. Nf5+ Kf8 36. Qa8+ Kf7 37. Nxh6+ Kg6 38. Nf5 Nxe2+ 39. Kh2 Qh7+ 40. Kg2 Nf4+ 41. Kg1 Ne2+ 42. Kf1 Qh3+ 43. Ke1 Kg5 44. Ne3 Nd4 45. Qg8+ Kf4 46. Nd5+ Kf3 47. Nxf6 Qh1+ 48. Kd2 Kxf2 49. Nd5 Qe1+ 50. Kd3 Qb1+ 0-1

[Event "Schachfestival Senioren"]
[Site "Bad Woerishofen"]
[Date "2023.03.04"]
[Round "2.45"]
[White "Goris-Schouwstra, Adry"]
[Black "Bohlin, Jan"]
[Result "1/2-1/2"]
[WhiteElo "1659"]
[BlackElo "1814"]
[PlyCount "45"]
[EventDate "2023.??.??"]
[BlackTeam "Majornas SS"]

1. d4 Nf6 2. c4 e6 3. Nc3 Bb4 4. Qc2 O-O 5. a3 Bxc3+ 6. Qxc3 d5 7. Nf3 dxc4 8. Qxc4 b6 9. Bf4 Ba6 10. Qxc7 Qd5 11. Qd6 Qf5 12. Be3 Nbd7 13. Qb4 Rfc8 14. Qa4 Bb5 15. Qd1 Rc7 16. Rc1 Rac8 17. Rxc7 Rxc7 18. Ne5 Qc2 19. Qa1 Nxe5 20. dxe5 Nd5 21. Bd2 Qe4 22. f3 Qxe5 23. e4 1/2-1/2

[Event "Schachfestival Senioren"]
[Site "Bad Woerishofen"]
[Date "2023.03.04"]
[Round "2.46"]
[White "Di Lazzaro, Gabriele"]
[Black "Gottwald, Helmut"]
[Result "1-0"]
[WhiteElo "1810"]
[BlackElo "1659"]
[PlyCount "43"]
[EventDate "2023.??.??"]
[BlackTeam "Keiner"]

1. d4 Nf6 2. Nc3 e6 3. e4 Bb4 4. e5 Ne4 5. Bd2 Bxc3 6. bxc3 Nxd2 7. Qxd2 O-O 8. Bd3 h6 9. Ne2 d6 10. f4 dxe5 11. fxe5 Bd7 12. O-O Bc6 13. Ng3 Nd7 14. Rf2 f6 15. exf6 Nxf6 16. Re1 Qd7 17. Rfe2 Rae8 18. Bg6 Rd8 19. Rxe6 Bd5 20. Re7 Qc6 21. Nf5 Ne4 22. Rxg7+ 1-0